|
|
|
|
| LEADER |
00000nam0a2200000 4500 |
| 001 |
367611 |
| 005 |
20231102012011.0 |
| 010 |
|
|
|a 9965442614
|
| 035 |
|
|
|a (RuTPU)RU\TPU\retro\24974
|
| 090 |
|
|
|a 367611
|
| 100 |
|
|
|a 20220317d2006 km y0rusy50 ca
|
| 101 |
0 |
|
|a rus
|
| 102 |
|
|
|a KZ
|
| 105 |
|
|
|a y z 001zy
|
| 200 |
1 |
|
|a Казахстанский путь
|f Н. Назарбаев
|
| 210 |
|
|
|a Караганда
|c [Б. и.]
|d 2006
|
| 215 |
|
|
|a 372 с.
|
| 316 |
|
|
|5 63413507: КР-7315
|a На форзаце дарственная надпись
|
| 317 |
|
|
|5 63413507: КР-7315
|a Поступил в НТБ в 2021 г. в дар от семьи профессора ТПУ Л. П. Рихванова
|
| 330 |
|
|
|a Книга Главы государства рассказывает о самых трудных и ярких моментах в новейшей истории Казахстана. Каждая из девяти глав раскрывает знаковые шаги на пути становления молодого независимого государства. Это работа над Стратегией развития Казахстана до 2030 года, процесс принятия действующей Конституции страны, начало освоения нефтегазовых ресурсов, ввод национальной валюты и создание успешной банковской системы. В отдельных главах освещены процессы при-ватизации и проведения земельной реформы, рассказано о переносе столицы в Астану и первом полете казахстанца в космос. Книга задумана как обращение Президента к молодежи страны. Автор надеется, что эта книга станет настольной для нового поколения лидеров Казахстана.
|
| 606 |
1 |
|
|a Казахстан
|x История
|2 stltpush
|3 (RuTPU)RU\TPU\subj\69065
|9 84064
|
| 610 |
1 |
|
|a Библиотека Л. П. Рихванова
|
| 610 |
1 |
|
|a новейшая история
|
| 610 |
1 |
|
|a финансовая система
|
| 610 |
1 |
|
|a национальная идентичность
|
| 610 |
1 |
|
|a частная собственность
|
| 610 |
1 |
|
|a экономическая политика
|
| 610 |
1 |
|
|a нефть
|
| 610 |
1 |
|
|a приватизация
|
| 610 |
1 |
|
|a дарственные надписи
|
| 610 |
1 |
|
|a дары библиотеке
|
| 686 |
|
|
|a Т3(5Каз)
|v LBC/SL-A
|2 rubbk
|
| 700 |
|
1 |
|a Назарбаев
|b Н.
|g Нурсултан
|
| 801 |
|
1 |
|a RU
|b 63413507
|c 20220317
|
| 801 |
|
2 |
|a RU
|b 63413507
|c 20220829
|g RCR
|
| 942 |
|
|
|c BK
|